Statistics for World Capital Bullseye #10

Click here to take the quiz!

General Stats

  • This quiz has been taken 94 times
  • The average score is 26 of 31

Answer Stats

Capital City % Correct
Rome
100%
Berlin
99%
Bern
98%
Vienna
96%
Paris
96%
Amsterdam
95%
Prague
94%
Madrid
94%
Vatican City
93%
Brussels
93%
Warsaw
91%
London
91%
Luxembourg
90%
San Marino
88%
Zagreb
88%
Ljubljana
86%
Oslo
86%
Bratislava
86%
Monaco
86%
Copenhagen
85%
Valletta
80%
VADUZ
79%
Sarajevo
77%
Vilnius
75%
Andorra la Vella
74%
Washington
73%
Tunis
73%
Podgorica
72%
Algiers
65%
Pristina
65%
Ottawa
60%

Score Distribution

Percentile by Number Answered

Percent of People with Each Score

Your Score History

You have not taken this quiz